The economics of seed production at farm level / (Record no. 211)
[ view plain ]
| 000 -LEADER | |
|---|---|
| fixed length control field | 00840nam a22002297a 4500 |
| 001 - CONTROL NUMBER | |
| control field | BD-DhSAU 211 |
| 003 - CONTROL NUMBER IDENTIFIER | |
| control field | BD-DhSAU |
| 005 - DATE AND TIME OF LATEST TRANSACTION | |
| control field | 20140805102558.0 |
| 008 - FIXED-LENGTH DATA ELEMENTS--GENERAL INFORMATION | |
| fixed length control field | 140805b ii a|||| |||| 00| 0 eng d |
| 020 ## - INTERNATIONAL STANDARD BOOK NUMBER | |
| International Standard Book Number | 8120414217 |
| 040 ## - CATALOGING SOURCE | |
| Transcribing agency | BD-DhSAU |
| 082 ## - DEWEY DECIMAL CLASSIFICATION NUMBER | |
| Edition number | 22 |
| Classification number | 631.251/ SIE |
| 100 ## - MAIN ENTRY--PERSONAL NAME | |
| Personal name | Singh, Gurdev |
| 245 ## - TITLE STATEMENT | |
| Title | The economics of seed production at farm level/ |
| Statement of responsibility, etc. | Gurdev Singh, S. R. Asokan and S.N. Chokshi |
| 260 ## - PUBLICATION, DISTRIBUTION, ETC. (IMPRINT) | |
| Place of publication, distribution, etc. | Calcutta, India: |
| Name of publisher, distributor, etc. | Oxford &IBH Publishing Co. Pvt. Ltd. ; |
| Date of publication, distribution, etc. | 2000. |
| 300 ## - PHYSICAL DESCRIPTION | |
| Extent | ix, 61 p. : |
| Other physical details | ill. ; |
| Dimensions | 21 cm. |
| 650 ## - SUBJECT ADDED ENTRY--TOPICAL TERM | |
| Topical term or geographic name as entry element | Seed technology |
| Geographic subdivision | India |
| 650 ## - SUBJECT ADDED ENTRY--TOPICAL TERM | |
| Topical term or geographic name as entry element | Seed technology |
| General subdivision | economic aspects |
| Geographic subdivision | india |
| 700 ## - ADDED ENTRY--PERSONAL NAME | |
| Personal name | Asokan, S. R. |
| 700 ## - ADDED ENTRY--PERSONAL NAME | |
| Personal name | Chokshi, S.N. |
| 856 ## - ELECTRONIC LOCATION AND ACCESS | |
| Uniform Resource Identifier | <a href="http://books.google.com.bd/books?id=_AVIAAAAYAAJ&q=8120414217&dq=8120414217&hl=en&sa=X&ei=01fgU-OUM4Xc8AW3voKYDQ&redir_esc=y">http://books.google.com.bd/books?id=_AVIAAAAYAAJ&q=8120414217&dq=8120414217&hl=en&sa=X&ei=01fgU-OUM4Xc8AW3voKYDQ&redir_esc=y</a> |
| 942 ## - ADDED ENTRY ELEMENTS (KOHA) | |
| Source of classification or shelving scheme | Dewey Decimal Classification |
| Koha item type | Book |
| Withdrawn status | Lost status | Source of classification or shelving scheme | Damaged status | Not for loan | Home library | Branch Name | Date acquired | Total Checkouts | Full call number | Barcode | Date last seen | Price effective from | Koha item type | Collection code | Shelving location |
|---|---|---|---|---|---|---|---|---|---|---|---|---|---|---|---|
| Dewey Decimal Classification | SAU Library | SAU Library | 05/08/2014 | 631.251/ SIE | 32491 | 05/08/2014 | 05/08/2014 | Book | |||||||
| Dewey Decimal Classification | SAU Library | SAU Library | 14/08/2014 | 631.251/ SIE | 32494 | 14/08/2014 | 14/08/2014 | Book | |||||||
| Dewey Decimal Classification | SAU Library | SAU Library | 14/08/2014 | 631.251/ SIE | 32492 | 14/08/2014 | 14/08/2014 | Book | |||||||
| Dewey Decimal Classification | SAU Library | SAU Library | 14/08/2014 | 631.251/ SIE | 32493 | 14/08/2014 | 14/08/2014 | Book | |||||||
| Dewey Decimal Classification | Not For Loan | SAU Library | SAU Library | 24/09/2007 | 631.251/ SIE | 32490 | 10/05/2015 | 10/05/2015 | Book | Reference | Reference | ||||
| Dewey Decimal Classification | Not For Loan | SAU Library | SAU Library | 29/11/2006 | 631.251/ SIE | 32161 | 22/05/2015 | 22/05/2015 | Book | Reference | Reference |
